| 000 | 00000nam 2200000za 4500 |
| 001 | 9.822496 |
| 003 | CaOODSP |
| 005 | 20221107143706 |
| 007 | cr ||||||||||| |
| 008 | 160812s2007||||onc|||||o f00| 0 fre d |
| 040 | |aCaOODSP|bfre |
| 043 | |an-cn--- |
| 086 | 1 |aIN4-20/2007F-PDF |
| 245 | 00|aRégimes de pension agréés (RPA) ou parrainés par l'employeur – couverture (Canada) |h[ressource électronique]. |
| 260 | |aOttawa : |bBureau du surintendant des institutions financières |c[2007]. |
| 300 | |a[2] p. |
| 500 | |aPubl. aussi en anglais sous le titre : Employer-Sponsored or Registered Pension Plan (RPP) coverage (Canada). |
| 692 | 07|2gccst|aPension |
| 710 | 2 |aBureau du surintendant des institutions financières Canada. |
| 775 | 08|tEmployer-Sponsored or Registered Pension Plan (RPP) coverage (Canada) |w(CaOODSP)9.822491 |
| 856 | 40|ahttp://publications.gc.ca|qPDF|s40 Ko|uhttps://publications.gc.ca/collections/collection_2016/bsif-osfi/IN4-20-2007-fra.pdf |